<?xml version="1.0" encoding="UTF-8"?>
<record
    xmlns:xsi="http://www.w3.org/2001/XMLSchema-instance"
    xsi:schemaLocation="http://www.loc.gov/MARC21/slim http://www.loc.gov/standards/marcxml/schema/MARC21slim.xsd"
    xmlns="http://www.loc.gov/MARC21/slim">

  <leader>02144    a2200253   4500</leader>
  <controlfield tag="001">39347</controlfield>
  <controlfield tag="005">20260407155652.0</controlfield>
  <controlfield tag="008">260407a2016    arg                 spa d</controlfield>
  <controlfield tag="003">AR-UNSa-BCEJYS</controlfield>
  <datafield tag="040" ind1=" " ind2=" ">
    <subfield code="a">AR-UNSa-BCEJYS</subfield>
    <subfield code="b">spa</subfield>
    <subfield code="c">AR-UNSa-BCEJYS</subfield>
  </datafield>
  <datafield tag="080" ind1=" " ind2=" ">
    <subfield code="a">336.221.5</subfield>
    <subfield code="x">Facturaci&#xF3;n y registraci&#xF3;n</subfield>
  </datafield>
  <datafield tag="245" ind1="1" ind2="0">
    <subfield code="a">Facturaci&#xF3;n &amp; Registraci&#xF3;n</subfield>
  </datafield>
  <datafield tag="020" ind1=" " ind2=" ">
    <subfield code="a">978-987-01-1958-6</subfield>
  </datafield>
  <datafield tag="250" ind1=" " ind2=" ">
    <subfield code="a">4a. ed.</subfield>
  </datafield>
  <datafield tag="264" ind1=" " ind2="1">
    <subfield code="a">Buenos Aires :</subfield>
    <subfield code="b">Errepar</subfield>
    <subfield code="c">2016</subfield>
  </datafield>
  <datafield tag="300" ind1=" " ind2=" ">
    <subfield code="a">xix, 497 p.</subfield>
    <subfield code="c">27 cm.</subfield>
  </datafield>
  <datafield tag="520" ind1=" " ind2=" ">
    <subfield code="a">Un completo panorama de los aspectos pr&#xE1;cticos del complejo sistema normativo referido a la facturaci&#xF3;n y la registraci&#xF3;n de operaciones.
Entre los temas abordados se destaca el R&#xE9;gimen General de Emisi&#xF3;n de Comprobantes [RG (AFIP) 1415]; la solicitud de impresi&#xF3;n de comprobantes [RG (AFIP) 100]; los controladores fiscales y las cuponeras fiscales; la registraci&#xF3;n y almacenamiento de los comprobantes recibidos y emitidos; los libros y registros obligatorios; la documentaci&#xF3;n relativa al traslado y entrega de productos; las imprentas, importadores y autoimpresores; los reg&#xED;menes de informaci&#xF3;n; entre otros.
Las explicaciones incluyen  cuadros, ejemplos y el planteo de casos y situaciones -que se presentan en la actividad profesional diaria- que agilizan la lectura y facilitan la comprensi&#xF3;n de los temas.
Se trata de una obra que ser&#xE1; de suma utilidad tanto para los emisores de comprobantes como para sus asesores.
</subfield>
  </datafield>
  <datafield tag="505" ind1=" " ind2=" ">
    <subfield code="a">1. R&#xE9;gimen general de emisi&#xF3;n de comprobantes-RG (AFIP) 1415 - 2. Factura "M" - 3. Situaciones especiales - 4. Solicitud de impresi&#xF3;n de comprobantes-RG (AFIP) 100 - 5. Emisi&#xF3;n electr&#xF3;nica - 6. Controlador fiscal y cuponera fiscal - 7. Registraci&#xF3;n y almacenamiento - 8. Documentaci&#xF3;n relativa al traslado y entrega de productos - 9. Imprentas, importadores y autoimpresores - 10. Obligaciones varias - 11. Consultas frecuentes y aspectos conflictivos</subfield>
  </datafield>
  <datafield tag="041" ind1=" " ind2=" ">
    <subfield code="a">spa</subfield>
  </datafield>
  <datafield tag="942" ind1=" " ind2=" ">
    <subfield code="c">BK</subfield>
  </datafield>
  <datafield tag="590" ind1=" " ind2=" ">
    <subfield code="a">niveau_biblio:m niveau_hierar:0</subfield>
  </datafield>
  <datafield tag="100" ind1="1" ind2=" ">
    <subfield code="a">Campastro, Miriam Cristina</subfield>
  </datafield>
  <datafield tag="856" ind1="4" ind2="1">
    <subfield code="u">https://biblioeco.unsa.edu.ar/pmb/images/libros/L125775.jpg</subfield>
    <subfield code="y">Imagen de portada</subfield>
    <subfield code="q">image/jpeg</subfield>
  </datafield>
  <datafield tag="999" ind1=" " ind2=" ">
    <subfield code="c">3027</subfield>
    <subfield code="d">3027</subfield>
  </datafield>
  <datafield tag="952" ind1=" " ind2=" ">
    <subfield code="0">0</subfield>
    <subfield code="1">0</subfield>
    <subfield code="4">0</subfield>
    <subfield code="7">0</subfield>
    <subfield code="a">BCEJYS</subfield>
    <subfield code="b">BCEJYS</subfield>
    <subfield code="c">16</subfield>
    <subfield code="d">2026-04-07</subfield>
    <subfield code="l">0</subfield>
    <subfield code="o">336.221.5 C186 4ed.</subfield>
    <subfield code="p">L125775</subfield>
    <subfield code="r">2026-04-07 15:56:52</subfield>
    <subfield code="w">2026-04-07</subfield>
    <subfield code="y">L</subfield>
  </datafield>
  <datafield tag="952" ind1=" " ind2=" ">
    <subfield code="0">0</subfield>
    <subfield code="1">0</subfield>
    <subfield code="4">0</subfield>
    <subfield code="7">0</subfield>
    <subfield code="a">BCEJYS</subfield>
    <subfield code="b">BCEJYS</subfield>
    <subfield code="c">16</subfield>
    <subfield code="d">2026-04-07</subfield>
    <subfield code="l">0</subfield>
    <subfield code="o">336.221.5 C186 4ed.</subfield>
    <subfield code="p">L126500</subfield>
    <subfield code="r">2026-04-07 15:56:52</subfield>
    <subfield code="w">2026-04-07</subfield>
    <subfield code="y">L</subfield>
  </datafield>
  <datafield tag="952" ind1=" " ind2=" ">
    <subfield code="0">0</subfield>
    <subfield code="1">0</subfield>
    <subfield code="4">0</subfield>
    <subfield code="7">0</subfield>
    <subfield code="a">BCEJYS</subfield>
    <subfield code="b">BCEJYS</subfield>
    <subfield code="c">16</subfield>
    <subfield code="d">2026-04-07</subfield>
    <subfield code="l">0</subfield>
    <subfield code="o">336.221.5 C186 4ed.</subfield>
    <subfield code="p">L126501</subfield>
    <subfield code="r">2026-04-07 15:56:52</subfield>
    <subfield code="w">2026-04-07</subfield>
    <subfield code="y">L</subfield>
  </datafield>
  <datafield tag="952" ind1=" " ind2=" ">
    <subfield code="0">0</subfield>
    <subfield code="1">0</subfield>
    <subfield code="4">0</subfield>
    <subfield code="7">0</subfield>
    <subfield code="a">BCEJYS</subfield>
    <subfield code="b">BCEJYS</subfield>
    <subfield code="c">16</subfield>
    <subfield code="d">2026-04-07</subfield>
    <subfield code="l">0</subfield>
    <subfield code="o">336.221.5 C186 4ed.</subfield>
    <subfield code="p">L126502</subfield>
    <subfield code="r">2026-04-07 15:56:52</subfield>
    <subfield code="w">2026-04-07</subfield>
    <subfield code="y">L</subfield>
  </datafield>
  <datafield tag="952" ind1=" " ind2=" ">
    <subfield code="0">0</subfield>
    <subfield code="1">0</subfield>
    <subfield code="4">0</subfield>
    <subfield code="7">0</subfield>
    <subfield code="a">BCEJYS</subfield>
    <subfield code="b">BCEJYS</subfield>
    <subfield code="c">16</subfield>
    <subfield code="d">2026-04-07</subfield>
    <subfield code="l">0</subfield>
    <subfield code="o">336.221.5 C186 4ed.</subfield>
    <subfield code="p">L126503</subfield>
    <subfield code="r">2026-04-07 15:56:52</subfield>
    <subfield code="w">2026-04-07</subfield>
    <subfield code="y">L</subfield>
  </datafield>
  <datafield tag="952" ind1=" " ind2=" ">
    <subfield code="0">0</subfield>
    <subfield code="1">0</subfield>
    <subfield code="4">0</subfield>
    <subfield code="7">0</subfield>
    <subfield code="a">BCEJYS</subfield>
    <subfield code="b">BCEJYS</subfield>
    <subfield code="c">16</subfield>
    <subfield code="d">2026-04-07</subfield>
    <subfield code="l">0</subfield>
    <subfield code="o">336.221.5 C186 4ed.</subfield>
    <subfield code="p">L126504</subfield>
    <subfield code="r">2026-04-07 15:56:52</subfield>
    <subfield code="w">2026-04-07</subfield>
    <subfield code="y">L</subfield>
  </datafield>
</record>
